| 000 | 01467 a2200253 4500 | ||
|---|---|---|---|
| 003 | Nust | ||
| 005 | 20220802110410.0 | ||
| 010 | _a 2002191031 | ||
| 020 | _a0471079359 (cloth) | ||
| 040 | _cNust | ||
| 082 | 0 | 0 | _a620.5,POO |
| 100 | 1 |
_aPoole, Charles P. _996224 |
|
| 245 | 1 | 0 |
_aIntroduction to Nanotechnology / _cCharles P. Poole, Jr., Frank J. Owens. |
| 260 |
_aHoboken, NJ : _bJ. Wiley, _cc2003. |
||
| 300 |
_axii, 388 p. : _bill. ; _c22 cm. |
||
| 505 | _aIntroduction to Physics of the Solid State (Page-8), Methods of Measuring Properties (Page-35), Properties of Individual Nano particles (Page-72), Carbon Nano structures (Page-103), Bulk Nana structured Materials (Page-133), Nana structured Ferromagnetic (Page-165), Optical and Vibrational Spectroscopy (Page-194), Quantum Wells, Wires, and Dots (Page-226), Self-Assembly and Catalysis (Page-257), Organic Compounds and Polymers (Page-281), Biological Materials (Page-310), Nano machines and Nano devices (Page-332). | ||
| 650 | 0 |
_aNanotechnology. _92826 |
|
| 700 | 1 |
_aOwens, Frank J. _996225 |
|
| 856 | 4 | 2 |
_3Book review (E-STREAMS) _uhttp://www.e-streams.com/es0611/es0611_2837.html |
| 856 | 4 | 2 |
_3Contributor biographical information _uhttp://www.loc.gov/catdir/bios/wiley043/2002191031.html |
| 856 | 4 | 2 |
_3Publisher description _uhttp://www.loc.gov/catdir/description/wiley036/2002191031.html |
| 856 | 4 | 2 |
_3Table of contents _uhttp://www.loc.gov/catdir/toc/wiley041/2002191031.html |
| 942 |
_cREF _2ddc |
||
| 999 |
_c175520 _d175520 |
||